[Event "DVM U20 2019"]
[Site "Braunschweig GER"]
[Date "2019.12.29"]
[Round "6"]
[White "Engel, Luis"]
[Black "Küppers, Timo"]
[Result "1-0"]
[Termination "normal"]
[Board "1.1"]
[WhiteTitle "IM"]
[BlackTitle "FM"]
[WhiteElo "2531"]
[BlackElo "2296"]
[WhiteClock "00:48:20"]
[BlackClock "00:12:25"]
[WhiteTeam "Hamburger SK"]
[BlackTeam "SF Katernberg"]
[PlyCount "95"]
[WhiteFideId "12961523"]
[BlackFideId "16205820"]
[EventCountry "GER"]
[EventRounds "7"]
[EventType "team-swiss"]
[EventDate "2019.12.26"]

1. e4 {[%clk 1:30:58]} e6 {[%clk 1:30:44]} 2. d4 {[%clk 1:31:22]} d5 {[%clk
1:31:10]} 3. Nd2 {[%clk 1:31:47]} c5 {[%clk 1:31:35]} 4. exd5 {[%clk 1:32:12]}
Qxd5 {[%clk 1:31:58]} 5. Ngf3 {[%clk 1:32:36]} cxd4 {[%clk 1:32:21]} 6. Bc4
{[%clk 1:33:00]} Qd6 {[%clk 1:32:47]} 7. O-O {[%clk 1:33:22]} Nf6 {[%clk
1:33:12]} 8. Nb3 {[%clk 1:33:43]} Nc6 {[%clk 1:33:29]} 9. Nbxd4 {[%clk
1:34:04]} Nxd4 {[%clk 1:33:52]} 10. Nxd4 {[%clk 1:34:25]} a6 {[%clk 1:34:18]}
11. Re1 {[%clk 1:34:11]} Qc7 {[%clk 1:34:41]} 12. Bf1 {[%clk 1:34:04]} Bc5
{[%clk 1:26:26]} 13. Nb3 {[%clk 1:29:08]} Bd6 {[%clk 1:25:24]} 14. g3 {[%clk
1:26:27]} O-O {[%clk 1:18:43]} 15. Bg5 {[%clk 1:24:47]} Be5 {[%clk 1:17:27]}
16. c3 {[%clk 1:21:45]} h6 {[%clk 1:13:07]} 17. Be3 {[%clk 1:20:43]} Nd5 {[%clk
1:12:31]} 18. Bc5 {[%clk 1:18:54]} Re8 {[%clk 1:08:54]} 19. Qh5 {[%clk
1:14:56]} Bf6 {[%clk 1:01:11]} 20. Bg2 {[%clk 1:11:01]} Bd7 {[%clk 0:49:15]}
21. Bxd5 {[%clk 1:07:35]} exd5 {[%clk 0:49:31]} 22. Bd4 {[%clk 1:07:06]} Qd6
{[%clk 0:46:35]} 23. Bxf6 {[%clk 1:02:20]} Qxf6 {[%clk 0:46:56]} 24. Qxd5
{[%clk 0:55:30]} Bc6 {[%clk 0:46:31]} 25. Qd3 {[%clk 0:55:52]} Red8 {[%clk
0:36:33]} 26. Nd4 {[%clk 0:55:52]} Rd5 {[%clk 0:31:50]} 27. Re3 {[%clk
0:52:20]} Rad8 {[%clk 0:31:15]} 28. Rae1 {[%clk 0:51:55]} g6 {[%clk 0:27:29]}
29. Qe2 {[%clk 0:49:55]} h5 {[%clk 0:24:34]} 30. h4 {[%clk 0:43:46]} Bd7 {[%clk
0:20:53]} 31. Re5 {[%clk 0:40:54]} Bc6 {[%clk 0:18:51]} 32. f4 {[%clk 0:37:24]}
Qd6 {[%clk 0:17:43]} 33. f5 {[%clk 0:33:06]} Rxe5 {[%clk 0:07:18]} 34. Qxe5
{[%clk 0:33:29]} Qd5 {[%clk 0:04:24]} 35. Qxd5 {[%clk 0:33:15]} Bxd5 {[%clk
0:04:41]} 36. b3 {[%clk 0:32:01]} Kg7 {[%clk 0:04:06]} 37. fxg6 {[%clk
0:30:44]} fxg6 {[%clk 0:04:27]} 38. Re7+ {[%clk 0:28:49]} Kf6 {[%clk 0:04:39]}
39. Rc7 {[%clk 0:28:55]} Ke5 {[%clk 0:01:24]} 40. Kf2 {[%clk 0:28:21]} Rf8+
{[%clk 0:01:21]} 41. Ke2 {[%clk 0:27:40]} Re8 {[%clk 0:20:14]} 42. Rd7 {[%clk
0:57:19]} Be4 {[%clk 0:19:20]} 43. Ke3 {[%clk 0:54:21]} Bh1 {[%clk 0:14:56]}
44. c4 {[%clk 0:52:56]} Kf6+ {[%clk 0:14:26]} 45. Kf2 {[%clk 0:51:39]} g5
{[%clk 0:14:17]} 46. hxg5+ {[%clk 0:51:00]} Kxg5 {[%clk 0:14:41]} 47. Rd6
{[%clk 0:48:20]} Rf8+ {[%clk 0:12:25]} 48. Kg1 1-0

[Event "DVM U20 2019"]
[Site "Braunschweig GER"]
[Date "2019.12.29"]
[Round "6"]
[White "Gallas, Noel"]
[Black "Meyling, Lennart"]
[Result "1-0"]
[Termination "normal"]
[Board "1.4"]
[WhiteElo "1785"]
[BlackElo "1955"]
[WhiteClock "00:01:14"]
[BlackClock "01:07:48"]
[WhiteTeam "SF Katernberg"]
[BlackTeam "Hamburger SK"]
[PlyCount "134"]
[WhiteFideId "16216059"]
[BlackFideId "12947130"]
[EventCountry "GER"]
[EventRounds "7"]
[EventType "team-swiss"]
[EventDate "2019.12.26"]

1. e4 {[%clk 1:30:14]} g6 {[%clk 1:30:51]} 2. d4 {[%clk 1:30:08]} Bg7 {[%clk
1:31:12]} 3. Nf3 {[%clk 1:30:27]} d6 {[%clk 1:30:52]} 4. Bc4 {[%clk 1:30:39]}
a6 {[%clk 1:31:14]} 5. O-O {[%clk 1:25:26]} b5 {[%clk 1:31:32]} 6. Bb3 {[%clk
1:25:28]} Bb7 {[%clk 1:31:47]} 7. Qe2 {[%clk 1:24:02]} e6 {[%clk 1:31:59]} 8.
Nbd2 {[%clk 1:22:21]} Nd7 {[%clk 1:31:08]} 9. c3 {[%clk 1:18:11]} h6 {[%clk
1:31:13]} 10. Bc2 {[%clk 1:16:14]} e5 {[%clk 1:30:35]} 11. dxe5 {[%clk
1:14:06]} dxe5 {[%clk 1:30:29]} 12. Ne1 {[%clk 1:13:32]} Ne7 {[%clk 1:30:16]}
13. Nd3 {[%clk 1:08:50]} O-O {[%clk 1:30:21]} 14. Nb3 {[%clk 1:06:44]} Qc8
{[%clk 1:26:42]} 15. Ndc5 {[%clk 1:05:21]} Nxc5 {[%clk 1:27:21]} 16. Nxc5
{[%clk 1:05:26]} Bc6 {[%clk 1:27:40]} 17. f4 exf4 {[%clk 1:27:32]} 18. Bxf4
{[%clk 0:57:55]} b4 {[%clk 1:20:20]} 19. Bd2 {[%clk 0:49:52]} bxc3 {[%clk
1:16:13]} 20. Bxc3 {[%clk 0:49:25]} Bb5 {[%clk 1:16:34]} 21. Bd3 {[%clk
0:48:28]} Bxc3 {[%clk 1:16:34]} 22. bxc3 {[%clk 0:48:45]} Bxd3 {[%clk 1:16:54]}
23. Qxd3 {[%clk 0:45:58]} Nc6 {[%clk 1:13:31]} 24. Qd5 {[%clk 0:43:22]} Ne7
{[%clk 1:11:25]} 25. Qd4 {[%clk 0:39:13]} Nc6 {[%clk 1:09:44]} 26. Qd5 {[%clk
0:27:43]} Ne7 {[%clk 1:09:31]} 27. Qd4 {[%clk 0:24:47]} Nc6 {[%clk 1:09:51]}
28. Qf6 {[%clk 0:23:56]} Qe8 {[%clk 1:10:07]} 29. Rad1 {[%clk 0:22:34]} Rd8
{[%clk 1:05:33]} 30. Rxd8 {[%clk 0:21:15]} Nxd8 {[%clk 1:05:57]} 31. Qxa6
{[%clk 0:18:48]} Qe7 {[%clk 1:03:39]} 32. Qc4 {[%clk 0:16:25]} Nc6 {[%clk
1:03:08]} 33. Qd5 {[%clk 0:12:41]} Ne5 {[%clk 1:03:01]} 34. Rd1 {[%clk
0:08:41]} Ng4 {[%clk 1:02:50]} 35. Qd4 {[%clk 0:06:13]} Re8 {[%clk 0:59:51]}
36. Nd7 {[%clk 0:03:11]} Qxe4 {[%clk 0:56:30]} 37. Qxe4 {[%clk 0:02:04]} Rxe4
{[%clk 0:56:53]} 38. h3 {[%clk 0:02:05]} Ne3 {[%clk 0:56:40]} 39. Nf6+ {[%clk
0:01:34]} Kg7 {[%clk 0:56:57]} 40. Nxe4 {[%clk 0:01:51]} Nxd1 {[%clk 0:57:18]}
41. a4 {[%clk 0:01:26]} Nb2 {[%clk 0:56:57]} 42. a5 {[%clk 0:00:55]} Nc4 {[%clk
0:57:03]} 43. a6 {[%clk 0:30:14]} Nb6 {[%clk 1:24:59]} 44. Kf2 {[%clk 0:30:06]}
f5 {[%clk 1:25:01]} 45. Nc5 {[%clk 0:29:18]} Kf7 {[%clk 1:25:13]} 46. Ke3
{[%clk 0:28:29]} Ke7 {[%clk 1:25:37]} 47. Kd4 {[%clk 0:23:04]} Kd6 {[%clk
1:20:11]} 48. c4 {[%clk 0:17:42]} g5 {[%clk 1:18:37]} 49. Nb7+ {[%clk 0:15:22]}
Kd7 {[%clk 1:17:34]} 50. c5 {[%clk 0:12:04]} Nc8 {[%clk 1:14:17]} 51. Na5
{[%clk 0:09:59]} f4 {[%clk 1:13:02]} 52. Ke5 {[%clk 0:07:48]} Na7 {[%clk
1:09:49]} 53. Kf6 {[%clk 0:06:10]} c6 {[%clk 1:07:37]} 54. Kf5 {[%clk 0:02:52]}
Ke7 {[%clk 1:07:21]} 55. Ke5 {[%clk 0:02:53]} Kf7 {[%clk 1:07:36]} 56. Kd6
{[%clk 0:02:03]} h5 {[%clk 1:07:50]} 57. Nxc6 {[%clk 0:02:02]} g4 {[%clk
1:05:55]} 58. hxg4 {[%clk 0:01:17]} hxg4 {[%clk 1:06:12]} 59. Ne5+ {[%clk
0:01:45]} Kf6 {[%clk 1:05:47]} 60. Nxg4+ {[%clk 0:01:56]} Kg5 {[%clk 1:06:01]}
61. Ne5 {[%clk 0:01:51]} Kf5 {[%clk 1:06:13]} 62. c6 {[%clk 0:00:56]} Nb5+
{[%clk 1:06:23]} 63. Kc5 {[%clk 0:00:51]} Nc7 {[%clk 1:06:43]} 64. Kb6 {[%clk
0:00:40]} Nd5+ {[%clk 1:07:09]} 65. Kb7 {[%clk 0:00:49]} Kxe5 {[%clk 1:07:30]}
66. a7 {[%clk 0:01:04]} Ne3 {[%clk 1:07:48]} 67. a8=Q {[%clk 0:01:14]} Kd5 1-0

[Event "DVM U20 2019"]
[Site "Braunschweig GER"]
[Date "2019.12.29"]
[Round "6"]
[White "Celik, Cem"]
[Black "Genov, Valentin"]
[Result "1/2-1/2"]
[Termination "normal"]
[Board "1.6"]
[BlackTitle "CM"]
[WhiteElo "1767"]
[BlackElo "1829"]
[WhiteClock "00:50:53"]
[BlackClock "00:03:52"]
[WhiteTeam "SF Katernberg"]
[BlackTeam "Hamburger SK"]
[PlyCount "63"]
[WhiteFideId "16206673"]
[BlackFideId "2919745"]
[EventCountry "GER"]
[EventRounds "7"]
[EventType "team-swiss"]
[EventDate "2019.12.26"]

1. e4 {[%clk 1:30:58]} c5 {[%clk 1:30:54]} 2. c3 {[%clk 1:31:25]} Nf6 {[%clk
1:27:52]} 3. e5 {[%clk 1:31:48]} Nd5 {[%clk 1:28:18]} 4. d4 {[%clk 1:32:08]} e6
{[%clk 1:24:29]} 5. Nf3 {[%clk 1:31:01]} cxd4 {[%clk 1:19:42]} 6. cxd4 {[%clk
1:31:22]} Nc6 {[%clk 1:18:54]} 7. Bc4 {[%clk 1:31:39]} Nb6 {[%clk 1:18:56]} 8.
Bd3 {[%clk 1:30:38]} d6 {[%clk 1:15:21]} 9. O-O {[%clk 1:30:31]} Be7 {[%clk
1:13:13]} 10. Nc3 {[%clk 1:29:58]} O-O {[%clk 1:12:25]} 11. Qe2 {[%clk
1:29:12]} dxe5 {[%clk 1:05:07]} 12. dxe5 {[%clk 1:29:04]} Nd7 {[%clk 0:48:22]}
13. Rd1 {[%clk 1:23:23]} a6 {[%clk 0:44:38]} 14. Qe4 {[%clk 1:19:28]} g6 {[%clk
0:44:56]} 15. Bc2 {[%clk 1:17:48]} Qc7 {[%clk 0:42:16]} 16. Rxd7 {[%clk
1:14:09]} Bxd7 {[%clk 0:40:29]} 17. Bh6 {[%clk 1:13:44]} Rfd8 {[%clk 0:35:12]}
18. Re1 {[%clk 1:12:36]} Be8 {[%clk 0:33:57]} 19. Bg5 {[%clk 1:11:16]} Bxg5
{[%clk 0:31:57]} 20. Nxg5 {[%clk 1:11:37]} Rd4 {[%clk 0:32:20]} 21. Qe3 {[%clk
1:11:16]} Qe7 {[%clk 0:26:35]} 22. Nce4 {[%clk 1:09:52]} Rxe4 {[%clk 0:19:48]}
23. Nxe4 {[%clk 1:04:19]} Nxe5 {[%clk 0:16:16]} 24. Qd4 {[%clk 1:04:07]} Nd7
{[%clk 0:16:39]} 25. Bb3 {[%clk 1:00:26]} e5 {[%clk 0:07:13]} 26. Qc3 {[%clk
0:56:38]} Kg7 {[%clk 0:05:45]} 27. f4 {[%clk 0:53:15]} f6 {[%clk 0:06:09]} 28.
fxe5 {[%clk 0:52:57]} Nxe5 {[%clk 0:04:03]} 29. Nxf6 {[%clk 0:51:02]} Kxf6
{[%clk 0:03:13]} 30. Rf1+ {[%clk 0:50:35]} Kg7 {[%clk 0:03:34]} 31. Re1 {[%clk
0:50:53]} Kf6 {[%clk 0:03:52]} 32. Qg3 1/2-1/2

[Event "DVM U20 2019"]
[Site "Braunschweig GER"]
[Date "2019.12.29"]
[Round "6"]
[White "Roseneck, Jonas"]
[Black "Knudsen, Simon"]
[Result "1-0"]
[Termination "normal"]
[Board "2.1"]
[WhiteTitle "FM"]
[WhiteElo "2417"]
[BlackElo "2194"]
[WhiteClock "00:10:34"]
[BlackClock "01:17:09"]
[WhiteTeam "SG Aufbau Elbe Magdeburg"]
[BlackTeam "SF Brackel"]
[PlyCount "129"]
[WhiteFideId "12939870"]
[BlackFideId "12985546"]
[EventCountry "GER"]
[EventRounds "7"]
[EventType "team-swiss"]
[EventDate "2019.12.26"]

1. e4 {[%clk 1:30:58]} g6 {[%clk 1:30:09]} 2. d4 {[%clk 1:31:24]} Bg7 {[%clk
1:30:23]} 3. Nf3 {[%clk 1:31:47]} d6 {[%clk 1:30:32]} 4. Bc4 {[%clk 1:32:12]}
Nf6 {[%clk 1:30:57]} 5. Qe2 {[%clk 1:32:35]} O-O {[%clk 1:30:40]} 6. e5 {[%clk
1:33:02]} dxe5 {[%clk 1:27:05]} 7. dxe5 {[%clk 1:33:28]} Nd5 {[%clk 1:27:27]}
8. O-O {[%clk 1:33:05]} Nb6 {[%clk 1:21:45]} 9. Rd1 {[%clk 1:13:42]} Qe8 {[%clk
1:21:55]} 10. Bb3 {[%clk 1:12:25]} Bg4 {[%clk 1:16:41]} 11. Bf4 {[%clk
0:47:53]} Nc6 {[%clk 1:16:21]} 12. Nbd2 {[%clk 0:40:06]} a5 {[%clk 1:10:36]}
13. a3 {[%clk 0:29:53]} Nd4 {[%clk 1:10:26]} 14. Qe4 {[%clk 0:30:17]} Nxb3
{[%clk 1:10:22]} 15. Nxb3 {[%clk 0:30:39]} c6 {[%clk 1:09:56]} 16. Nc5 {[%clk
0:29:33]} Qc8 {[%clk 1:09:30]} 17. h3 {[%clk 0:27:27]} Bf5 {[%clk 1:08:19]} 18.
Qe2 {[%clk 0:27:56]} Nd5 {[%clk 1:07:21]} 19. Bg3 {[%clk 0:26:05]} b6 {[%clk
0:55:27]} 20. Nb3 {[%clk 0:26:13]} Nc7 {[%clk 0:54:45]} 21. Nbd4 {[%clk
0:23:53]} Bd7 {[%clk 0:54:55]} 22. c4 {[%clk 0:23:48]} c5 {[%clk 0:54:52]} 23.
Nc2 {[%clk 0:24:13]} Ba4 {[%clk 0:54:07]} 24. Rd3 {[%clk 0:21:27]} Bxc2 {[%clk
0:54:13]} 25. Qxc2 {[%clk 0:21:56]} Ne6 {[%clk 0:53:13]} 26. Rad1 {[%clk
0:21:10]} Qc6 {[%clk 0:53:19]} 27. Rd5 {[%clk 0:19:11]} Rfe8 {[%clk 0:52:17]}
28. Qd3 {[%clk 0:17:30]} Rab8 {[%clk 0:51:55]} 29. h4 {[%clk 0:15:44]} b5
{[%clk 0:51:53]} 30. b3 {[%clk 0:08:05]} a4 {[%clk 0:51:44]} 31. b4 {[%clk
0:03:59]} cxb4 {[%clk 0:49:52]} 32. cxb5 {[%clk 0:04:27]} Qc3 {[%clk 0:50:12]}
33. axb4 {[%clk 0:02:39]} Qxb4 {[%clk 0:49:00]} 34. Rb1 {[%clk 0:02:37]} Qa5
{[%clk 0:47:25]} 35. b6 {[%clk 0:02:36]} Qa8 {[%clk 0:47:49]} 36. Rdb5 {[%clk
0:00:42]} a3 {[%clk 0:46:40]} 37. Ra1 {[%clk 0:00:50]} a2 {[%clk 0:46:03]} 38.
Qb3 {[%clk 0:01:17]} Qc6 {[%clk 0:45:22]} 39. Rxa2 {[%clk 0:01:11]} Rb7 {[%clk
0:45:36]} 40. Rc2 {[%clk 0:01:00]} Qd7 {[%clk 0:45:13]} 41. Rd2 {[%clk
0:26:54]} Qc6 {[%clk 1:15:33]} 42. Rc2 {[%clk 0:26:20]} Qd7 {[%clk 1:15:55]}
43. Rc1 {[%clk 0:20:41]} Reb8 {[%clk 1:16:02]} 44. Ng5 {[%clk 0:18:52]} Nxg5
{[%clk 1:13:22]} 45. hxg5 {[%clk 0:19:20]} e6 {[%clk 1:13:40]} 46. Bf4 {[%clk
0:19:35]} Bf8 {[%clk 1:13:52]} 47. Be3 {[%clk 0:20:01]} Be7 {[%clk 1:14:13]}
48. Rd1 {[%clk 0:16:58]} Qc6 {[%clk 1:14:34]} 49. Rb1 {[%clk 0:16:12]} Kg7
{[%clk 1:14:33]} 50. Rc1 {[%clk 0:15:54]} Qd7 {[%clk 1:14:53]} 51. Rd1 {[%clk
0:15:56]} Qc6 {[%clk 1:15:15]} 52. Rc1 {[%clk 0:16:26]} Qd7 {[%clk 1:15:39]}
53. Rc4 {[%clk 0:16:52]} Bd8 {[%clk 1:15:28]} 54. Rd4 {[%clk 0:14:10]} Qc6
{[%clk 1:15:54]} 55. Rd6 {[%clk 0:14:09]} Qe8 {[%clk 1:16:08]} 56. Qc4 {[%clk
0:13:00]} Be7 {[%clk 1:16:29]} 57. Rc6 {[%clk 0:13:27]} Qd7 {[%clk 1:16:54]}
58. Rb1 {[%clk 0:13:43]} Bd8 {[%clk 1:17:13]} 59. Kh2 {[%clk 0:13:18]} Be7
{[%clk 1:17:13]} 60. Rc7 {[%clk 0:11:10]} Qd8 {[%clk 1:15:53]} 61. Rxb7 {[%clk
0:10:28]} Rxb7 {[%clk 1:16:17]} 62. Qc6 {[%clk 0:10:26]} Qb8 {[%clk 1:16:41]}
63. f4 {[%clk 0:10:27]} Bd8 {[%clk 1:17:02]} 64. Bc5 {[%clk 0:10:45]} Qa8
{[%clk 1:17:09]} 65. Qe8 {[%clk 0:10:34]} 1-0

[Event "DVM U20 2019"]
[Site "Braunschweig GER"]
[Date "2019.12.29"]
[Round "6"]
[White "Flüchter, Gregor"]
[Black "Sieber, Fiona"]
[Result "1-0"]
[Termination "normal"]
[Board "2.2"]
[BlackTitle "WIM"]
[WhiteElo "2174"]
[BlackElo "2277"]
[WhiteClock "00:25:17"]
[BlackClock "00:38:14"]
[WhiteTeam "SF Brackel"]
[BlackTeam "SG Aufbau Elbe Magdeburg"]
[PlyCount "95"]
[WhiteFideId "12903396"]
[BlackFideId "12902373"]
[EventCountry "GER"]
[EventRounds "7"]
[EventType "team-swiss"]
[EventDate "2019.12.26"]

1. e4 {[%clk 1:30:31]} c5 {[%clk 1:30:54]} 2. f4 {[%clk 1:30:41]} d5 {[%clk
1:31:19]} 3. exd5 {[%clk 1:31:06]} Nf6 {[%clk 1:31:44]} 4. Bb5+ {[%clk
1:31:30]} Nbd7 {[%clk 1:32:06]} 5. Nf3 {[%clk 1:31:52]} a6 {[%clk 1:32:26]} 6.
Bxd7+ {[%clk 1:32:14]} Bxd7 {[%clk 1:32:52]} 7. Ne5 {[%clk 1:32:37]} Bf5 {[%clk
1:33:13]} 8. c4 {[%clk 1:32:46]} e6 {[%clk 1:33:38]} 9. Nc3 {[%clk 1:32:50]}
exd5 {[%clk 1:31:03]} 10. cxd5 {[%clk 1:33:08]} Bd6 {[%clk 1:10:58]} 11. O-O
{[%clk 1:27:57]} O-O {[%clk 1:10:15]} 12. Qf3 {[%clk 1:26:14]} h5 {[%clk
0:57:12]} 13. d3 {[%clk 1:14:48]} Re8 {[%clk 0:54:43]} 14. Bd2 {[%clk 1:04:40]}
b5 {[%clk 0:41:58]} 15. Rae1 {[%clk 0:53:41]} g6 {[%clk 0:38:45]} 16. Ne4
{[%clk 0:45:19]} Nxd5 {[%clk 0:33:01]} 17. Nxf7 {[%clk 0:40:46]} Kxf7 {[%clk
0:29:06]} 18. Ng5+ {[%clk 0:41:03]} Kf8 {[%clk 0:25:26]} 19. Rxe8+ {[%clk
0:34:08]} Qxe8 {[%clk 0:25:41]} 20. Qxd5 {[%clk 0:34:32]} Rd8 {[%clk 0:25:25]}
21. Re1 {[%clk 0:29:31]} Qd7 {[%clk 0:24:12]} 22. Bc3 {[%clk 0:25:20]} Bc7
{[%clk 0:18:13]} 23. Qxc5+ {[%clk 0:24:12]} Qd6 {[%clk 0:18:32]} 24. Qxd6+
{[%clk 0:23:21]} Bxd6 {[%clk 0:18:56]} 25. Ne6+ {[%clk 0:23:22]} Bxe6 {[%clk
0:18:29]} 26. Rxe6 {[%clk 0:23:50]} Bc5+ {[%clk 0:17:56]} 27. Kf1 {[%clk
0:21:57]} b4 {[%clk 0:17:30]} 28. Be5 {[%clk 0:17:56]} Rxd3 {[%clk 0:17:44]}
29. Rxa6 {[%clk 0:17:33]} Rd1+ {[%clk 0:13:55]} 30. Ke2 {[%clk 0:18:00]} Ra1
{[%clk 0:14:21]} 31. Kd3 {[%clk 0:14:56]} Be7 {[%clk 0:13:30]} 32. Rxg6 {[%clk
0:11:15]} Rxa2 {[%clk 0:13:54]} 33. Rh6 {[%clk 0:09:13]} h4 {[%clk 0:13:59]}
34. f5 {[%clk 0:08:32]} Bg5 {[%clk 0:12:11]} 35. Rh5 {[%clk 0:08:30]} Ra5
{[%clk 0:10:21]} 36. Ke4 {[%clk 0:05:45]} Bc1 {[%clk 0:09:25]} 37. Rxh4 {[%clk
0:05:50]} b3 {[%clk 0:09:50]} 38. Rh8+ {[%clk 0:04:02]} Kf7 {[%clk 0:10:19]}
39. Rb8 {[%clk 0:03:50]} Ra4+ {[%clk 0:10:28]} 40. Kf3 {[%clk 0:03:31]} Ra5
{[%clk 0:10:20]} 41. Rb7+ {[%clk 0:30:26]} Kg8 {[%clk 0:39:16]} 42. Ke4 {[%clk
0:29:24]} Ra4+ {[%clk 0:38:51]} 43. Kd5 {[%clk 0:29:22]} Ra5+ {[%clk 0:39:00]}
44. Ke6 {[%clk 0:26:27]} Ra6+ {[%clk 0:39:12]} 45. Ke7 {[%clk 0:25:38]} Bg5+
{[%clk 0:39:20]} 46. f6 {[%clk 0:25:09]} Ra5 {[%clk 0:38:58]} 47. Ke6 {[%clk
0:25:04]} Ra6+ {[%clk 0:38:14]} 48. Kf5 {[%clk 0:25:17]} 1-0

[Event "DVM U20 2019"]
[Site "Braunschweig GER"]
[Date "2019.12.29"]
[Round "6"]
[White "Biastoch, Bennet"]
[Black "Kartsev, Nikolay"]
[Result "1-0"]
[Termination "normal"]
[Board "2.3"]
[WhiteElo "2242"]
[BlackElo "2092"]
[WhiteClock "00:30:28"]
[BlackClock "00:10:14"]
[WhiteTeam "SG Aufbau Elbe Magdeburg"]
[BlackTeam "SF Brackel"]
[PlyCount "65"]
[WhiteFideId "12939889"]
[BlackFideId "12939536"]
[EventCountry "GER"]
[EventRounds "7"]
[EventType "team-swiss"]
[EventDate "2019.12.26"]

1. e4 {[%clk 1:30:57]} c5 {[%clk 1:23:42]} 2. Nf3 {[%clk 1:31:16]} d6 {[%clk
1:24:04]} 3. d4 {[%clk 1:31:32]} cxd4 {[%clk 1:24:30]} 4. Nxd4 {[%clk 1:31:52]}
Nf6 {[%clk 1:24:57]} 5. Nc3 {[%clk 1:32:03]} Nc6 {[%clk 1:25:22]} 6. Bg5 {[%clk
1:31:59]} e6 {[%clk 1:25:48]} 7. Qd2 {[%clk 1:32:12]} a6 {[%clk 1:26:15]} 8.
O-O-O {[%clk 1:32:06]} h6 {[%clk 1:26:43]} 9. Nxc6 {[%clk 1:32:04]} bxc6 {[%clk
1:27:03]} 10. Bf4 {[%clk 1:32:16]} d5 {[%clk 1:26:44]} 11. Qe3 {[%clk 1:32:10]}
Qa5 {[%clk 1:26:32]} 12. Be2 {[%clk 1:32:10]} Bb4 {[%clk 1:26:25]} 13. Be5
{[%clk 1:32:19]} Be7 {[%clk 1:26:50]} 14. exd5 {[%clk 1:32:04]} cxd5 {[%clk
1:06:28]} 15. h4 {[%clk 1:31:10]} O-O {[%clk 0:48:04]} 16. Rh3 {[%clk 1:28:33]}
Ne8 {[%clk 0:47:47]} 17. Rg3 {[%clk 1:04:25]} f6 {[%clk 0:44:54]} 18. Bf4
{[%clk 1:00:27]} Bc5 {[%clk 0:36:15]} 19. Qf3 {[%clk 0:56:39]} Kh8 {[%clk
0:32:07]} 20. Qh5 {[%clk 0:51:37]} Ra7 {[%clk 0:32:14]} 21. Rg6 {[%clk
0:49:08]} Rg8 {[%clk 0:15:14]} 22. Bxh6 {[%clk 0:45:52]} gxh6 {[%clk 0:15:41]}
23. Rxh6+ {[%clk 0:46:16]} Kg7 {[%clk 0:15:57]} 24. Rg6+ {[%clk 0:46:42]} Kf8
{[%clk 0:16:10]} 25. Rxg8+ {[%clk 0:47:10]} Kxg8 {[%clk 0:16:20]} 26. Qxe8+
{[%clk 0:47:34]} Kg7 {[%clk 0:16:40]} 27. Qxc8 {[%clk 0:47:10]} d4 {[%clk
0:14:39]} 28. Ne4 {[%clk 0:38:55]} Ba3 {[%clk 0:12:04]} 29. Qb8 {[%clk
0:33:35]} Rc7 {[%clk 0:10:01]} 30. bxa3 {[%clk 0:32:00]} f5 {[%clk 0:10:13]}
31. Rd3 {[%clk 0:30:05]} fxe4 {[%clk 0:09:48]} 32. Rg3+ {[%clk 0:30:28]} Kf7
{[%clk 0:10:14]} 33. Bh5+ 1-0

[Event "DVM U20 2019"]
[Site "Braunschweig GER"]
[Date "2019.12.29"]
[Round "6"]
[White "Elier, Ali"]
[Black "Röhr, Tobias"]
[Result "0-1"]
[Termination "normal"]
[Board "2.4"]
[WhiteElo "2032"]
[BlackElo "2103"]
[WhiteClock "00:27:51"]
[BlackClock "00:13:38"]
[WhiteTeam "SF Brackel"]
[BlackTeam "SG Aufbau Elbe Magdeburg"]
[PlyCount "56"]
[WhiteFideId "16217543"]
[BlackFideId "12963089"]
[EventCountry "GER"]
[EventRounds "7"]
[EventType "team-swiss"]
[EventDate "2019.12.26"]

1. e4 {[%clk 1:24:44]} c5 {[%clk 1:30:54]} 2. d4 {[%clk 1:25:09]} cxd4 {[%clk
1:31:05]} 3. c3 {[%clk 1:25:34]} Nf6 {[%clk 1:31:23]} 4. e5 {[%clk 1:26:01]}
Nd5 {[%clk 1:31:47]} 5. Nf3 {[%clk 1:26:30]} Nc6 {[%clk 1:31:57]} 6. Bc4 {[%clk
1:26:56]} e6 {[%clk 1:30:42]} 7. cxd4 {[%clk 1:27:19]} d6 {[%clk 1:30:51]} 8.
O-O {[%clk 1:26:20]} Be7 {[%clk 1:30:50]} 9. a3 {[%clk 1:26:04]} O-O {[%clk
1:29:38]} 10. Qe2 {[%clk 1:25:36]} b6 {[%clk 1:25:36]} 11. Bd3 {[%clk 1:18:06]}
Qc7 {[%clk 1:18:54]} 12. Qe4 {[%clk 1:17:17]} f5 {[%clk 1:13:44]} 13. exf6
{[%clk 1:16:07]} Nxf6 {[%clk 1:14:07]} 14. Qh4 {[%clk 1:16:03]} d5 {[%clk
1:09:36]} 15. Bg5 {[%clk 1:00:28]} h6 {[%clk 1:06:55]} 16. Bf4 {[%clk 0:59:54]}
Qb7 {[%clk 0:56:15]} 17. Be5 {[%clk 0:53:52]} Nd7 {[%clk 0:45:50]} 18. Qg4
{[%clk 0:52:21]} Ndxe5 {[%clk 0:40:13]} 19. dxe5 {[%clk 0:51:48]} Bg5 {[%clk
0:38:27]} 20. Nxg5 {[%clk 0:50:50]} Nxe5 {[%clk 0:33:16]} 21. Bh7+ {[%clk
0:50:56]} Kh8 {[%clk 0:33:41]} 22. Qh5 {[%clk 0:51:19]} Qe7 {[%clk 0:23:58]}
23. Nh3 {[%clk 0:49:54]} Nf3+ {[%clk 0:21:01]} 24. gxf3 {[%clk 0:49:50]} Kxh7
{[%clk 0:21:24]} 25. Re1 {[%clk 0:32:31]} e5 {[%clk 0:16:49]} 26. Rxe5 {[%clk
0:31:04]} Qf6 {[%clk 0:17:01]} 27. f4 {[%clk 0:27:26]} g6 {[%clk 0:13:26]} 28.
Qf3 {[%clk 0:27:51]} Qxe5 {[%clk 0:13:38]} 0-1

[Event "DVM U20 2019"]
[Site "Braunschweig GER"]
[Date "2019.12.29"]
[Round "6"]
[White "Wagner, Benjamin"]
[Black "Kracht, Raphael"]
[Result "1-0"]
[Termination "normal"]
[Board "2.5"]
[WhiteElo "1994"]
[BlackElo "2031"]
[WhiteClock "00:46:40"]
[BlackClock "00:55:42"]
[WhiteTeam "SG Aufbau Elbe Magdeburg"]
[BlackTeam "SF Brackel"]
[PlyCount "51"]
[WhiteFideId "12957330"]
[BlackFideId "16214382"]
[EventCountry "GER"]
[EventRounds "7"]
[EventType "team-swiss"]
[EventDate "2019.12.26"]

1. e4 {[%clk 1:30:58]} e5 {[%clk 1:27:22]} 2. Nf3 {[%clk 1:31:26]} Nc6 {[%clk
1:27:45]} 3. Bb5 {[%clk 1:31:54]} Nge7 {[%clk 1:28:00]} 4. Nc3 {[%clk 1:32:07]}
g6 {[%clk 1:28:26]} 5. d4 {[%clk 1:32:19]} exd4 {[%clk 1:28:52]} 6. Nd5 {[%clk
1:32:41]} Bg7 {[%clk 1:29:18]} 7. Bg5 {[%clk 1:33:01]} h6 {[%clk 1:29:42]} 8.
Bf6 {[%clk 1:33:15]} Bxf6 {[%clk 1:30:07]} 9. Nxf6+ {[%clk 1:33:41]} Kf8 {[%clk
1:30:32]} 10. Qd2 {[%clk 1:33:19]} d6 {[%clk 1:30:58]} 11. O-O-O {[%clk
1:29:39]} a6 {[%clk 1:31:24]} 12. Bxc6 {[%clk 1:28:02]} Nxc6 {[%clk 1:31:46]}
13. Nd5 {[%clk 1:27:25]} Kg7 {[%clk 1:30:44]} 14. Nxd4 {[%clk 1:25:48]} Nxd4
{[%clk 1:31:07]} 15. Qxd4+ {[%clk 1:26:13]} f6 {[%clk 1:31:32]} 16. h4 {[%clk
1:16:31]} h5 {[%clk 1:29:13]} 17. f3 {[%clk 1:11:08]} Be6 {[%clk 1:28:10]} 18.
g4 {[%clk 1:06:21]} hxg4 {[%clk 1:24:10]} 19. fxg4 {[%clk 1:06:35]} Bxg4 {[%clk
1:20:48]} 20. Rdf1 {[%clk 1:02:16]} Rf8 {[%clk 1:19:22]} 21. Rhg1 {[%clk
1:00:54]} Bh5 {[%clk 1:02:55]} 22. Nf4 {[%clk 0:58:51]} Kh6 {[%clk 0:58:22]}
23. Qe3 {[%clk 0:45:41]} Kh7 {[%clk 0:55:18]} 24. Nxh5 {[%clk 0:45:53]} gxh5
{[%clk 0:55:42]} 25. Rf5 {[%clk 0:46:16]} Qe8 {[%clk 0:55:42]} 26. Qf3 {[%clk
0:46:40]} 1-0